000 00891 a2200205 4500
001 39937
005 20260407155656.0
008 260407a1986 arg spa d
003 AR-UNSa-BCEJYS
040 _aAR-UNSa-BCEJYS
_bspa
_cAR-UNSa-BCEJYS
080 _a519.86
_xTeoría de modelos económico-matemáticos
245 1 0 _aAplicaciones de la programación lineal
_pejemplos de esta técnica para la resolución de diversos problemas industriales y de planeamiento
020 _a950-508-165-0
264 1 _aBuenos Aires :
_bAstrea
_c1986
300 _a235 p.
_c23 cm.
505 _a1. Estudio estructural del método simplex - 2. Optimización de diversos objetivos - 3. El problema del transporte - 4. El problema de asignación de los juegos - 5. Aplicaciones de la programación lineal -
942 _cBK
590 _aniveau_biblio:m niveau_hierar:0
100 1 _aMunier, Nolberto J.
999 _c3159
_d3159